Statistics for Manchester United - Manchester City 2016-2017

Click here to take the quiz!

General Stats

  • This quiz has been taken 170 times
  • The average score is 21 of 30

Answer Stats

Answer% Correct
David De Gea
94%
David Silva
87%
Luke Shaw
85%
Claudio Bravo
84%
Antonio Valencia
83%
Nicolas Otamendi
83%
Wayne Rooney
81%
John Stones
81%
Raheem Sterling
80%
Marcus Rashford
79%
Pep Guardiola
77%
José Mourinho
76%
Fernandinho
76%
Anthony Martial
76%
Paul Pogba
74%
Eric Bailly
70%
Aleksandar Kolarov
69%
Bacary Sagna
65%
Daley Blind
64%
Jesse Lingard
61%
Marouane Fellaini
61%
Leroy Sané
57%
Ander Herrera
57%
Zlatan Ibrahimovic ¹
54%
Kevin De Bruyne ¹
54%
Pablo Zabaleta
53%
Kelechi Iheanacho ¹
50%
Fernando
49%
Nolito
48%
Henrikh Mkhitaryan
48%

Score Distribution

Percentile by Number Answered

Percent of People with Each Score

Your Score History

You have not taken this quiz